Magic and religion : (Record no. 123548)

MARC details
000 -LEADER
fixed length control field 00797nam a22002537a 4500
005 - DATE AND TIME OF LATEST TRANSACTION
control field 20170124105927.0
010 ## - LIBRARY OF CONGRESS CONTROL NUMBER
LC control number 327600
020 ## - INTERNATIONAL STANDARD BOOK NUMBER
Terms of availability 00.00
035 ## - SYSTEM CONTROL NUMBER
System control number 327600
037 ## - SOURCE OF ACQUISITION
Source of stock number/acquisition Cen Lib/Ret
040 ## - CATALOGING SOURCE
Original cataloging agency DPL
Language of cataloging EN
082 ## - DEWEY DECIMAL CLASSIFICATION NUMBER
Classification number 398.3
Item number VET
100 ## - MAIN ENTRY--PERSONAL NAME
Personal name Vetter,George B.
9 (RLIN) 6800
245 ## - TITLE STATEMENT
Title Magic and religion :
Statement of responsibility, etc by George B.Vetter
Remainder of title Their psychological nature origin and function /
260 ## - PUBLICATION, DISTRIBUTION, ETC. (IMPRINT)
Place of publication, distribution, etc New York
Name of publisher, distributor, etc Philosophical library
Date of publication, distribution, etc 1958
270 ## - ADDRESS
Address New York
City New York
300 ## - PHYSICAL DESCRIPTION
Extent 555p.
Dimensions 19cm(Hb)
500 ## - GENERAL NOTE
General note Includes index
650 ## - SUBJECT ADDED ENTRY--TOPICAL TERM
Topical term or geographic name as entry element Psychology, Religious
9 (RLIN) 6801
650 ## - SUBJECT ADDED ENTRY--TOPICAL TERM
Topical term or geographic name as entry element Magical thinking
9 (RLIN) 6802
650 ## - SUBJECT ADDED ENTRY--TOPICAL TERM
Topical term or geographic name as entry element धार्मिक मनोविज्ञान
9 (RLIN) 72563
650 ## - SUBJECT ADDED ENTRY--TOPICAL TERM
Topical term or geographic name as entry element जादुई सोच
9 (RLIN) 72564
942 ## - ADDED ENTRY ELEMENTS (KOHA)
Source of classification or shelving scheme Dewey Decimal Classification
Koha item type English Books
Classification part 398.3
Call number suffix VET
Holdings
Withdrawn status Lost status Damaged status Not for loan Home library Current library Date acquired Source of acquisition Cost, normal purchase price Total Checkouts Total Renewals Full call number Barcode Date last seen Date checked out Copy number Cost, replacement price Price effective from Koha item type
        Central Library Central Library 08/06/2015 Cen Lib/Ret 0.00 1 2 398.3 VET 327600 28/08/2019 11/07/2019 1 0.00 08/06/2015 English Books

© Delhi Public Library
Hit Counter
free hit counter